ბათუმის შოთა რუსთაველის სახელმწიფო უნივერსიტეტის ბიბლიოთეკა

CULTURAL PERSPECTIVES A Sourcebook (ბიბ.ჩანაწერი № 51558)

000 -LEADER
fixed length control field 00645nam a2200229Ia 4500
001 - CONTROL NUMBER
control field 18549
003 - CONTROL NUMBER IDENTIFIER
control field GE_BSU
008 - FIXED-LENGTH DATA ELEMENTS--GENERAL INFORMATION
fixed length control field 181216s||||||||xx |||||||||||||| ||und||
020 ## - INTERNATIONAL STANDARD BOOK NUMBER
International Standard Book Number 9781581522372
040 ## - CATALOGING SOURCE
Transcribing agency GE_BSU
245 ## - TITLE STATEMENT
Title CULTURAL PERSPECTIVES A Sourcebook
245 ## - TITLE STATEMENT
Remainder of title Volume 2
245 ## - TITLE STATEMENT
Statement of responsibility, etc. Edited by: Rosemary Mims Fisk John Mayfield
260 ## - PUBLICATION, DISTRIBUTION, ETC.
Place of publication, distribution, etc. United states America
260 ## - PUBLICATION, DISTRIBUTION, ETC.
Name of publisher, distributor, etc. Custo Publishing
260 ## - PUBLICATION, DISTRIBUTION, ETC.
Date of publication, distribution, etc. 2008
300 ## - PHYSICAL DESCRIPTION
Extent 376p;20cm.
653 ## - INDEX TERM--UNCONTROLLED
Uncontrolled term CULTURAL PERSPECTIVES A Sourcebook
653 ## - INDEX TERM--UNCONTROLLED
Uncontrolled term კულტურა
653 ## - INDEX TERM--UNCONTROLLED
Uncontrolled term კულტურული პერსპექტივები
942 ## - ADDED ENTRY ELEMENTS (KOHA)
Koha item type წიგნი
ეგზემპლარები
Withdrawn status Lost status Damaged status Not for loan Date acquired Barcode Date last seen Price effective from Koha item type
        2018-12-17 47972 2018-12-17 2018-12-17 წიგნი